<The> Attack on the Welfare State

Gespeichert in:
Bibliographische Detailangaben
Weitere Verfasser: Champagne, Anthony, Harpham, Edward J.
Format: Buch
Sprache:Englisch
Veröffentlicht: Prospect Heights Waveland Press 1984
Ausgabe:1. ed.
Schlagworte:
Tags: Tag hinzufügen
Keine Tags, Fügen Sie das erste Tag hinzu!

MARC

LEADER 00000nam a2200000 4500
001 c003938
005 20221207073315.5
020 |a 0-88133-045-0 
041 0 |a eng 
044 |a US 
245 1 0 |a <The> Attack on the Welfare State  |c Edit. Anthony Champagne, Edward J. Harpham 
250 |a 1. ed. 
264 1 |a Prospect Heights  |b Waveland Press  |c 1984 
300 |a 209 s. 
610 2 0 |a blahobyt 
610 2 0 |a Reagan, R.W. 
610 2 0 |a politika hospodárska 
610 2 0 |a politika fiškálna 
610 2 0 |a politika sociálna 
610 2 0 |a zdravotníctvo 
610 2 0 |a vzdelávanie 
610 2 0 |a USA 
700 1 |a Champagne, Anthony 
700 1 |a Harpham, Edward J.